Amerických investorov má prilákať perspektíva rastu v strednej Európe

Hodnotenie prílevu zahraničných investícií predstaviteľmi V-4 na Inwest Fore v New Yorku. Podpora zahraničných investorov na Slovensku. Prezentácie amerických firiem činných na Slovensku. Americkí priemyselní investori pôsobiaci na Slovensku. Produktivita práce a náklady na pracovnú silu v niektorýc...

Celý popis

Uložené v:
Podrobná bibliografia
Hlavný autor: Kremský, Peter
Médium: Kapitola
Jazyk:Slovak
Predmet:
Tagy: Pridať tag
Žiadne tagy, Buďte prvý, kto otaguje tento záznam!

MARC

LEADER 00000naa a2200000 4500
001 r041012
005 20230921111032.7
041 0 |a slo 
044 |a SK 
245 1 0 |a Amerických investorov má prilákať perspektíva rastu v strednej Európe  |c Peter Kremský 
520 |a Hodnotenie prílevu zahraničných investícií predstaviteľmi V-4 na Inwest Fore v New Yorku. Podpora zahraničných investorov na Slovensku. Prezentácie amerických firiem činných na Slovensku. Americkí priemyselní investori pôsobiaci na Slovensku. Produktivita práce a náklady na pracovnú silu v niektorých krajinách strednej Európy. 
610 2 0 |a investície zahraničné 
610 2 0 |a investície zo zahraničia 
610 2 0 |a stredná Európa 
610 2 0 |a Slovensko 
610 2 0 |a produktivita práce 
610 2 0 |a sily pracovné 
610 2 0 |a náklady 
610 2 0 |a Vyšehradská štvorka 
100 1 |a Kremský, Peter